Europe's highest countries - Statistics

General Stats
  • This quiz has been taken 702 times
  • The average score is 17 of 20
Answer Stats
Height Highest point Answer % Correct
4,810m Mont Blanc France/ Italy
100%
5,642m Mount Elbrus Russia
97%
3,798m Großglockner Austria
96%
2,919m Mount Olympus Greece
96%
4,634m Monte Rosa Switzerland
95%
2,962m Zugspitze Germany
94%
3,479m Mulhacén Spain
94%
2,469 Galdhøpiggen Norway
92%
2,544m Moldoveanu Peak Romania
88%
2,655m Gerlachovský štít Slovakia
87%
2,864m Triglav Slovenia
87%
2,764m Mount Korab Albania/ Macedonia
85%
2,925m Musala Bulgaria
84%
2,499m Mount Rysy Poland
83%
2,942m Coma Pedrosa Andorra
75%
2,534m Zla Kolata Montenegro
70%
2,599m Vorder Grauspitz Liechtenstein
68%
2,656m Djeravica Kosovo
64%
5,201m Shkhara Georgia
54%
4,466m Bazardüzü Azerbaijan
46%
No matching quizzes found
Score Distribution
Percent of People with Each Score
Percentile by Number Answered
Your Score History
You have not taken this quiz